| 000 | 00000nam 2200000za 4500 |
| 001 | 9.840853 |
| 003 | CaOODSP |
| 005 | 20221107151939 |
| 007 | cr ||||||||||| |
| 008 | 170801s1972 oncad ob f000 0 eng d |
| 040 | |aCaOODSP|beng |
| 043 | |an-cn--- |
| 086 | 1 |aM38-8/113E-PDF|zM38-8/113 |
| 100 | 1 |aCoates, D. F., |d1923- |
| 245 | 10|aAnalysis of grading effects on hydraulic and consolidated fill |h[electronic resource] / |cD.F. Coates and Y.S. Yu. Mine fill system design based on optimization / M. Gyenge and D.F. Coates. |
| 246 | 30|aMine fill system design based on optimization |
| 260 | |aOttawa : |bInformation Canada, |c1972. |
| 300 | |a6 p., p. 384-391 : |bcharts, ill. |
| 490 | 1 |aReprint series ; |vRS 113 |
| 500 | |aCover title. |
| 500 | |a"Reprinted from C.I.M. Transactions, vol. lxxii, pp. 36-41, Montreal, 1969 |
| 500 | |a"Reprinted from Proceedings of the 9th International Symposium on Techniques for Decision Making in the Mineral Industry, Montreal, June 14-19, 1970, pp. 384-391, C.I.M. special volume 12, Montreal, 1971." |
| 500 | |aHistorical publication digitized from print 2017 [by Natural Resources Canada]. |
| 504 | |aIncludes bibliographical references. |
| 692 | 07|2gccst|aMining industry |
| 700 | 1 |aYu, Y. S. |
| 700 | 1 |aGyenge, M. |
| 710 | 1 |aCanada. |bNatural Resources Canada. |
| 710 | 1 |aCanada. |bDepartment of Energy, Mines and Resources. |
| 710 | 1 |aCanada. |bMines Branch. |
| 830 | #0|aReprint series - Dept. of Energy, Mines and Resources, Mines Branch ;|vRS 113|w(CaOODSP)9.834843 |
| 856 | 40|qPDF|s2.30 MB|uhttps://publications.gc.ca/collections/collection_2017/rncan-nrcan/M38-8/M38-8-113-eng.pdf |
| 986 | |a300192 |